Lanean...
Comparative animal physiology
| Egile nagusia: | |
|---|---|
| Formatua: | Printed Book |
| Hizkuntza: | Undetermined |
| Argitaratua: |
Agra :
Satish Book Enterprise,
1985
|
| Edizioa: | 3 ed |
| Gaiak: |
| LEADER | 00497nam a2200157Ia 4500 | ||
|---|---|---|---|
| 008 | 200122s9999||||xx |||||||||||||| ||und|| | ||
| 080 | |a 636 |b PRO-C3 | ||
| 100 | |a Prosser, C Ladd, Ed. | ||
| 245 | 0 | |a Comparative animal physiology | |
| 250 | |a 3 ed | ||
| 260 | |a Agra : |b Satish Book Enterprise, |c 1985 | ||
| 300 | |a 966 p. | ||
| 650 | |a Animal husbandry | ||
| 942 | |c BK | ||
| 999 | |c 260388 |d 260388 | ||
| 952 | |0 0 |1 0 |4 0 |6 636_000000000000000_PROC3 |7 0 |9 276599 |a BCH |b BCH |l 0 |o 636 PRO-C3 |p BCH1484 |r 2020-01-24 |w 2020-01-24 |y BK | ||